[Event "World Blitz 2018"]
[Site "St Petersburg RUS"]
[Date "2018.12.30"]
[Round "13.83"]
[White "Tregubov, Pavel V."]
[Black "Lobanov, Sergei"]
[Result "1-0"]
[WhiteTitle "GM"]
[BlackTitle "IM"]
[WhiteElo "2592"]
[BlackElo "2526"]
[WhiteFideId "4115341"]
[BlackFideId "24183750"]
[EventDate "2018.12.29"]
[EventType "blitz"]

1. d4 Nf6 2. c4 e6 3. Nc3 Bb4 4. e3 O-O 5. Bd3 d5 6. Ne2 dxc4 7. Bxc4 e5 8. a3
exd4 9. axb4 dxc3 10. Qxd8 Rxd8 11. Nxc3 Nc6 12. b5 Ne5 13. Be2 Be6 14. e4 Nd3+
15. Bxd3 Rxd3 16. Bf4 Ne8 17. O-O f6 18. Rfd1 Rxd1+ 19. Rxd1 Kf7 20. f3 a6 21.
Ra1 Bc4 22. Ra4 Bd3 23. Kf2 Rd8 24. bxa6 Bxa6 25. Nd5 c6 26. Nc3 Ke6 27. g4 g6
28. h4 h5 29. gxh5 gxh5 30. Ra5 Ng7 31. Bh6 Kf7 32. Bxg7 Kxg7 33. Ke3 Kg6 34.
Ra4 Rd3+ 35. Kf4 Rd2 36. Rb4 b5 37. Rb3 Bc8 38. Ke3 Rh2 39. Ne2 Be6 40. Nf4+ Kf7
41. Rc3 Bd7 42. Nxh5 Rxb2 43. Nf4 Rh2 44. h5 Ke7 45. Ra3 Kd6 46. Ra7 b4 47. Nd3
c5 48. Ra5 Rxh5 49. Nxb4 Rh3 50. Ra6+ Ke5 51. Nd3# 1-0

[Event "World Blitz 2018"]
[Site "St Petersburg RUS"]
[Date "2018.12.30"]
[Round "13.91"]
[White "Sokolin, Leonid"]
[Black "Gurvich, Vitaly"]
[Result "0-1"]
[WhiteTitle "IM"]
[BlackTitle "FM"]
[WhiteElo "2508"]
[BlackElo "2270"]
[WhiteFideId "2009161"]
[BlackFideId "24164852"]
[EventDate "2018.12.29"]
[EventType "blitz"]

1. d4 Nf6 2. Bg5 Ne4 3. Bf4 c5 4. f3 Qa5+ 5. c3 Nf6 6. Nd2 cxd4 7. Nc4 Qd8 8.
Bxb8 Rxb8 9. Qxd4 b5 10. Nd2 Qc7 11. e4 e5 12. Qd3 Bc5 13. b4 Be7 14. a3 O-O 15.
c4 bxc4 16. Qxc4 Qb6 17. Qd3 Bb7 18. Nc4 Qe6 19. Ne3 d5 20. exd5 Nxd5 21. Nxd5
Bxd5 22. Be2 e4 23. Qe3 Bf6 24. Rd1 Rbc8 25. fxe4 Bxe4 26. Bf3 Bc3+ 27. Kf2 Bxf3
28. Qxe6 fxe6 29. Nxf3 Bb2 30. Rd3 Rc2+ 31. Kg3 h6 32. Re1 Rf6 33. Kh3 Rg6 34.
g3 Rf6 35. Rde3 Kh7 36. a4 Bc3 37. Rb1 Rf5 38. Rb3 Bf6 39. g4 Rf4 40. a5 Rcc4
41. b5 Rb4 42. b6 axb6 43. axb6 Bd8 44. b7 Bc7 45. Ne1 Rxg4 46. Nc2 Rh4+ 47. Kg2
Rxh2+ 48. Kf3 Rxb3 49. Rxb3 Rxc2 50. b8=Q Bxb8 51. Rxb8 Kg6 52. Rb6 Kf6 53. Ke4
Rd2 54. Rb8 Rd5 55. Rf8+ 0-1

[Event "World Blitz 2018"]
[Site "St Petersburg RUS"]
[Date "2018.12.30"]
[Round "13.92"]
[White "Mamatov, Melis"]
[Black "Minko, Vladimir"]
[Result "0-1"]
[BlackTitle "IM"]
[WhiteElo "2223"]
[BlackElo "2370"]
[WhiteFideId "13800027"]
[BlackFideId "24146706"]
[EventDate "2018.12.29"]
[EventType "blitz"]

1. e4 c5 2. Nf3 Nc6 3. d4 cxd4 4. Nxd4 Qb6 5. Nxc6 bxc6 6. b3 Nf6 7. Bd3 g6 8.
Bb2 Bg7 9. Nc3 O-O 10. O-O Qa5 11. Qe1 d6 12. Nd5 Qd8 13. Nxf6+ Bxf6 14. Bxf6
exf6 15. c4 Re8 16. Qc3 Qe7 17. Rfd1 Bg4 18. f3 Be6 19. Bf1 Rad8 20. Rd2 f5 21.
Rad1 fxe4 22. fxe4 Bg4 23. Re1 d5 24. Bd3 Qc5+ 25. Rf2 dxe4 26. Bxe4 f5 27. h3
Bxh3 28. Bf3 Bg4 29. Bxg4 fxg4 30. Rf1 Rf8 31. Qg3 Rd2 32. b4 Qd4 33. b5 Qc5 34.
bxc6 Rfxf2 35. Rxf2 Rd1+ 36. Kh2 Qh5+ 37. Qh3 gxh3 38. c7 Qe5+ 0-1

[Event "World Blitz 2018"]
[Site "St Petersburg RUS"]
[Date "2018.12.30"]
[Round "13.95"]
[White "Shubin, Kirill"]
[Black "Vlassov, Nikolai"]
[Result "0-1"]
[WhiteTitle "FM"]
[BlackTitle "IM"]
[WhiteElo "2334"]
[BlackElo "2401"]
[WhiteFideId "34119962"]
[BlackFideId "4103360"]
[EventDate "2018.12.29"]
[EventType "blitz"]

1. e4 c5 2. Nf3 d6 3. d4 cxd4 4. Qxd4 e5 5. Bb5+ Nd7 6. Qd3 Nf6 7. c4 Be7 8. Nc3
O-O 9. Bxd7 Bxd7 10. Bg5 Rc8 11. Bxf6 Bxf6 12. O-O Be6 13. b3 Be7 14. Rfd1 f5
15. Nd5 fxe4 16. Qxe4 Kh8 17. Nxe7 Qxe7 18. Rd2 Rf4 19. Qe3 Rcf8 20. Ne1 R8f6
21. Rad1 Bg4 22. f3 Bh5 23. Qxa7 Rg6 24. Rxd6 e4 25. Rd8+ Rf8 26. Rxf8+ Qxf8 27.
Qa5 exf3 28. Nxf3 Rxg2+ 29. Kh1 Bxf3 0-1

[Event "World Blitz 2018"]
[Site "St Petersburg RUS"]
[Date "2018.12.30"]
[Round "13.97"]
[White "Alsulaymi, Abdullah M"]
[Black "Masrahi, Abdulrahman A"]
[Result "1/2-1/2"]
[BlackTitle "CM"]
[WhiteElo "1833"]
[BlackElo "1903"]
[WhiteFideId "21511390"]
[BlackFideId "21501564"]
[EventDate "2018.12.29"]
[EventType "blitz"]

1. e4 e5 2. f4 exf4 3. Bc4 Qh4+ 4. Kf1 Nc6 5. Nf3 Qf6 6. d4 d6 7. Nc3 Bg4 8. Nd5
Qd8 9. Bxf4 Nf6 10. Bg5 Be7 11. Nxe7 Qxe7 12. Bd3 Nxd4 13. Nxd4 Bxd1 14. Nf5 Qe5
15. Rxd1 O-O-O 16. Ke2 Rde8 17. Bxf6 Qxf6 18. Rhf1 Qe5 19. Ng3 Rhf8 20. Rf5 Qxb2
21. Rb5 Qxa2 22. Rdb1 b6 23. R5b3 f5 24. Kd2 fxe4 25. Nxe4 Qa5+ 26. Nc3 Rf2+ 27.
Kd1 Rxg2 28. Rb5 Qxc3 1/2-1/2

[Event "World Blitz 2018"]
[Site "St Petersburg RUS"]
[Date "2018.12.30"]
[Round "14.11"]
[White "Jones, Gawain C B"]
[Black "Indjic, Aleksandar"]
[Result "1-0"]
[WhiteTitle "GM"]
[BlackTitle "GM"]
[WhiteElo "2682"]
[BlackElo "2620"]
[WhiteFideId "409561"]
[BlackFideId "911925"]
[EventDate "2018.12.29"]
[EventType "blitz"]

1. e4 c6 2. d4 d5 3. e5 c5 4. Nf3 cxd4 5. Nxd4 e6 6. Nd2 Ne7 7. Bd3 Nec6 8. N2f3
Nxd4 9. Nxd4 Nc6 10. Nf3 Bc5 11. O-O h6 12. c3 a6 13. Re1 b5 14. Be3 Qb6 15. a4
Bxe3 16. Rxe3 b4 17. a5 Nxa5 18. Qa4+ Nc6 19. Nd4 Bd7 20. Bb5 Rc8 21. Bxc6 Bxc6
22. Qxa6 Qxa6 23. Rxa6 Bd7 24. Ra7 Ke7 25. h4 bxc3 26. bxc3 Rc5 27. h5 Rd8 28.
Rg3 Kf8 29. Rf3 Ke7 30. Rb7 Ke8 31. Rg3 Kf8 32. Re3 Be8 33. Rf3 Kg8 34. Rg3 Kf8
35. Rxg7 Rxc3 36. Rh7 Bd7 37. Rxh6 Rc4 38. Rh8+ Ke7 39. Rxd8 Kxd8 40. h6 Rxd4
41. g3 Rd1+ 42. Kh2 Bc6 43. Rb6 Kc7 44. Rxc6+ Kxc6 45. h7 Rd2 46. Kg2 Re2 47.
h8=Q d4 48. Qd8 Rxe5 49. Qxd4 Rd5 50. Qf6 Rf5 51. Qe7 Kd5 52. g4 Rf4 53. Kg3 e5
54. Qd7+ Kc4 55. Qd6 f6 56. g5 fxg5 57. Qxe5 1-0

[Event "World Blitz 2018"]
[Site "St Petersburg RUS"]
[Date "2018.12.30"]
[Round "14.18"]
[White "Mamedov, Rauf"]
[Black "Smirin, Ilia"]
[Result "0-1"]
[WhiteTitle "GM"]
[BlackTitle "GM"]
[WhiteElo "2703"]
[BlackElo "2609"]
[WhiteFideId "13401653"]
[BlackFideId "2801990"]
[EventDate "2018.12.29"]
[EventType "blitz"]

1. e4 c5 2. Nf3 e6 3. d4 cxd4 4. Nxd4 a6 5. Nc3 Qc7 6. g3 Bb4 7. Ne2 Nf6 8. Bg2
Nc6 9. O-O Be7 10. a4 O-O 11. b3 b6 12. Bb2 Bb7 13. Nf4 Rac8 14. Nce2 Ne5 15.
Nd3 Ng6 16. Nc3 Rfd8 17. Re1 d5 18. exd5 Nxd5 19. Nxd5 Bxd5 20. Bxd5 Rxd5 21. c4
Rd7 22. Qf3 Rcd8 23. Ne5 Nxe5 24. Bxe5 Bd6 25. Bc3 Bf8 26. Rad1 a5 27. Kg2 h6
28. Be5 Qc8 29. Bf4 Bb4 30. Rf1 Bc5 31. Be5 f6 32. Bf4 e5 33. Bc1 Bd4 34. Qe4
Re7 35. Qg6 Qc6+ 36. Kg1 Qf3 37. Rd2 Red7 38. Rc2 Bc5 39. Bxh6 Qd3 40. Qxd3 Rxd3
41. Bc1 Rxb3 42. Kg2 Rb4 43. h4 Rxa4 44. h5 Rd4 45. h6 Raxc4 46. Re2 gxh6 47.
Bxh6 a4 48. f4 e4 49. Kh3 a3 50. f5 Ra4 51. Ra2 Rd3 52. Rf4 Kh7 53. Rh4 Bd6 54.
Bg5+ Kg7 55. Bh6+ Kf7 56. Rg4 Bf8 57. Bc1 b5 58. Rc2 Rc4 59. Rxc4 bxc4 60. Rxe4
a2 61. Bb2 c3 62. Ba1 c2 63. Rc4 Rd1 64. Rc7+ Kg8 65. Rxc2 Rxa1 66. Kg4 Bd6 67.
Rd2 Bxg3 68. Kh5 Kf7 69. Rd7+ Ke8 70. Ra7 Be5 0-1

[Event "World Blitz 2018"]
[Site "St Petersburg RUS"]
[Date "2018.12.30"]
[Round "14.20"]
[White "Nozdrachev, Vladislav"]
[Black "Kovalenko, Igor"]
[Result "0-1"]
[WhiteTitle "IM"]
[BlackTitle "GM"]
[WhiteElo "2486"]
[BlackElo "2657"]
[WhiteFideId "24113441"]
[BlackFideId "14117908"]
[EventDate "2018.12.29"]
[EventType "blitz"]

1. d4 Nf6 2. Nf3 c6 3. g3 d5 4. Bg2 Bg4 5. O-O Nbd7 6. b3 e6 7. Bb2 Be7 8. Nbd2
O-O 9. c4 a5 10. a3 Qb6 11. h3 Bh5 12. Qc2 Bg6 13. Qc3 Ne4 14. Nxe4 Bxe4 15.
Rac1 Qd8 16. h4 Bd6 17. Bh3 Qe7 18. c5 Bc7 19. Rce1 Bg6 20. Nd2 f5 21. f4 Bh5
22. Nf3 Nf6 23. Ne5 h6 24. Bg2 Kh7 25. Bf3 Rg8 26. Qe3 g6 27. Rc1 Rg7 28. Kf2
Ne4+ 29. Bxe4 fxe4 30. Ke1 Rf8 31. Kd2 Bxe5 32. dxe5 Qf7 33. Bd4 Qf5 34. a4 Qg4
35. Rf2 Rgf7 36. Rh1 Kg7 37. Bc3 Ra8 38. Kc2 Rd7 39. Rg1 Qf5 40. Bd4 Bg4 41. Kb2
Rf7 42. Rh2 Qh5 43. Bc3 Ra6 44. Bd4 Ra8 45. Bc3 Ra7 46. Bd4 Ra6 47. Bc3 Qf5 48.
Qd2 b6 49. cxb6 Rxb6 50. Bxa5 Ra6 51. Bd8 Rb7 52. Bf6+ Kf7 53. Qd4 e3 54. Rc1
Bh5 55. Rc3 Qg4 56. Qc5 Qxg3 57. Rh1 Qxf4 58. Qxe3 Qxa4 59. Qxh6 Qa2+ 60. Kc1
Qa1+ 61. Kd2 Ra2+ 62. Kd3 Bxe2+ 63. Kd4 c5+ 64. Kxc5 Qxc3+ 0-1

[Event "World Blitz 2018"]
[Site "St Petersburg RUS"]
[Date "2018.12.30"]
[Round "14.32"]
[White "Yilmaz, Mustafa"]
[Black "Popov, Valerij"]
[Result "0-1"]
[WhiteTitle "GM"]
[BlackTitle "GM"]
[WhiteElo "2636"]
[BlackElo "2532"]
[WhiteFideId "6302718"]
[BlackFideId "4119410"]
[EventDate "2018.12.29"]
[EventType "blitz"]

1. d4 d5 2. c4 e6 3. Nc3 Bb4 4. cxd5 exd5 5. Bf4 c6 6. e3 Bf5 7. Bd3 Ne7 8. Ne2
O-O 9. Qc2 Bxd3 10. Qxd3 Nd7 11. f3 Nb6 12. O-O-O a5 13. Kb1 Ng6 14. Bg3 Nc4 15.
e4 Re8 16. h4 Qb6 17. h5 Nf8 18. Bf4 a4 19. Bc1 Ba3 20. Rd2 Nxd2+ 21. Qxd2 Bb4
22. h6 g6 23. Qg5 Ne6 24. Qe3 dxe4 25. Nxe4 Be7 26. Qc3 Qa5 27. Qc2 Rad8 28. Bd2
Qb5 29. Bc3 f5 30. N4g3 Bf8 31. Rd1 Bxh6 32. Rh1 Bg7 33. Nf1 Nxd4 34. Nxd4 Bxd4
35. Ng3 a3 36. Bxd4 Rxd4 37. b3 Qd3 38. Qxd3 Rxd3 39. Kc2 Red8 40. Nf1 Rd1 0-1

[Event "World Blitz 2018"]
[Site "St Petersburg RUS"]
[Date "2018.12.30"]
[Round "14.46"]
[White "Yu, Yangyi"]
[Black "Potapov, Pavel"]
[Result "1/2-1/2"]
[WhiteTitle "GM"]
[BlackTitle "GM"]
[WhiteElo "2764"]
[BlackElo "2516"]
[WhiteFideId "8603820"]
[BlackFideId "4169786"]
[EventDate "2018.12.29"]
[EventType "blitz"]

1. e4 c5 2. Nf3 Nc6 3. d4 cxd4 4. Nxd4 e5 5. Nb5 d6 6. c4 Be7 7. N1c3 a6 8. Na3
f5 9. exf5 Bxf5 10. Nc2 Nf6 11. Bd3 Be6 12. O-O O-O 13. b3 Qd7 14. Bb2 Bd8 15.
Ne4 Bb6 16. Qe2 Rad8 17. Kh1 Nxe4 18. Bxe4 Bf5 19. f3 Bxe4 20. Qxe4 Qf5 21. Qxf5
Rxf5 22. Rad1 Bc5 23. g3 b5 24. Na3 Rb8 25. Kg2 Nb4 26. cxb5 axb5 27. Rd2 Nxa2
28. Nc2 Nb4 29. Ra1 Rff8 30. Nxb4 Bxb4 31. Re2 Ra8 32. Rc1 Rfc8 33. Rxc8+ Rxc8
34. f4 exf4 35. gxf4 Kf7 36. Kf3 Bc3 37. Rc2 b4 38. Bc1 d5 39. Ra2 Rc7 40. Ke2
Kf6 41. Ra5 Rd7 42. Kd3 Kf5 43. h3 h6 44. Rb5 g5 45. fxg5 hxg5 46. Be3 Be1 47.
Kd4 Bc3+ 48. Kd3 Be1 49. Kd4 Bc3+ 50. Kd3 Ke5 1/2-1/2

[Event "World Blitz 2018"]
[Site "St Petersburg RUS"]
[Date "2018.12.30"]
[Round "14.57"]
[White "Oganian, Miran"]
[Black "Frolyanov, Dmitry"]
[Result "0-1"]
[WhiteTitle "IM"]
[BlackTitle "GM"]
[WhiteElo "2423"]
[BlackElo "2517"]
[WhiteFideId "4122488"]
[BlackFideId "4151976"]
[EventDate "2018.12.29"]
[EventType "blitz"]

1. d4 d5 2. c4 e6 3. Nf3 Nf6 4. g3 dxc4 5. Bg2 Nc6 6. Qa4 Bb4+ 7. Bd2 Nd5 8.
Bxb4 Nxb4 9. O-O Rb8 10. Ne5 O-O 11. Nxc6 Nxc6 12. Bxc6 bxc6 13. Qxc4 Rxb2 14.
Nc3 Qd6 15. Rfd1 e5 16. Rac1 Be6 17. Qa4 exd4 18. Rxd4 Qc5 19. Qd1 Qe7 20. a4 h6
21. Ne4 Bd5 22. Nc3 Bb3 23. Qd3 c5 24. Re4 Qg5 25. Rf4 c4 26. Qe3 Qg6 27. Nd5
Kh7 28. Ne7 Qd6 29. Qe4+ Kh8 30. Nf5 Qd2 31. Rf1 Qxe2 32. Qd4 f6 33. Rh4 Qd2 34.
Qc5 Qd8 35. Ne7 Bc2 36. Rg4 Bh7 37. Rf4 Re2 38. Nc6 Qd6 39. Qxc4 Rc2 40. Qb5
Qxc6 41. Qb4 Qc5 42. Qb7 Qc6 43. Qb4 Qd6 44. Qb3 Rd2 45. h4 Rd3 46. Qb5 Rd1 47.
Kh2 Rxf1 48. Qxf1 Rd8 49. Qc4 c5 50. Qf7 Qd5 51. Qxa7 c4 52. Qe7 c3 53. Qc7 Qd2
54. Rg4 Rg8 55. Kg2 c2 56. Rc4 Bd3 57. Rc3 Qd1 58. Qc5 Be4+ 59. Kh3 Qh1+ 60. Kg4
f5+ 61. Kf4 Qc1+ 62. Ke5 Re8+ 63. Kd6 Qd2+ 64. Kc7 Qd8# 0-1

[Event "World Blitz 2018"]
[Site "St Petersburg RUS"]
[Date "2018.12.30"]
[Round "14.71"]
[White "Antipov, Mikhail Al."]
[Black "Steinberg, Nitzan"]
[Result "1-0"]
[WhiteTitle "GM"]
[BlackTitle "GM"]
[WhiteElo "2589"]
[BlackElo "2532"]
[WhiteFideId "4107012"]
[BlackFideId "2801795"]
[EventDate "2018.12.29"]
[EventType "blitz"]

1. e4 c5 2. Nf3 d6 3. Bb5+ Nd7 4. Ba4 Nf6 5. O-O e6 6. Re1 Be7 7. c3 a6 8. d4 b5
9. Bc2 Bb7 10. Nbd2 Rc8 11. e5 dxe5 12. dxe5 Nd5 13. Ne4 h6 14. Qe2 Qc7 15. Ng3
c4 16. Bd2 Nc5 17. Rad1 g6 18. Bc1 Rd8 19. Rd4 a5 20. Red1 Rd7 21. h4 Ba6 22. h5
g5 23. Nf5 Bb7 24. Nxe7 Rxe7 25. Nh2 Rd7 26. Ng4 Kf8 27. Qd2 Qc6 28. f3 b4 29.
Nf6 Nxf6 30. exf6 Rd5 31. cxb4 axb4 32. Qxb4 Kg8 33. Qxc4 Ba6 34. Qc3 Qb6 35.
Kh1 g4 36. Rxg4+ Kf8 37. Rxd5 exd5 38. Be3 Qb5 39. Bxc5+ Ke8 40. Ba4 1-0

[Event "World Blitz 2018"]
[Site "St Petersburg RUS"]
[Date "2018.12.30"]
[Round "14.73"]
[White "Borisenko, Viacheslav"]
[Black "Pantsulaia, Levan"]
[Result "0-1"]
[WhiteTitle "IM"]
[BlackTitle "GM"]
[WhiteElo "2289"]
[BlackElo "2597"]
[WhiteFideId "14115824"]
[BlackFideId "13602071"]
[EventDate "2018.12.29"]
[EventType "blitz"]

1. e4 c6 2. Nc3 d5 3. Qf3 e6 4. d4 dxe4 5. Qxe4 Nf6 6. Qd3 Na6 7. a3 c5 8. Qb5+
Qd7 9. Qxd7+ Bxd7 10. Bxa6 bxa6 11. Nge2 Bc6 12. O-O O-O-O 13. dxc5 Bxc5 14. Bf4
Nh5 15. Rfd1 Nxf4 16. Nxf4 Bd6 17. Nfe2 Be5 18. f3 g5 19. Rxd8+ Rxd8 20. Rd1 Rg8
21. h3 h5 22. Nd4 Bb7 23. Nde2 g4 24. hxg4 hxg4 25. Kf2 f5 26. Re1 Bc7 27. Nd4
Bb6 28. Ne2 e5 29. c3 gxf3 30. gxf3 exd4 31. Nxd4 Rd8 32. Rd1 f4 33. Rd3 0-1

[Event "World Blitz 2018"]
[Site "St Petersburg RUS"]
[Date "2018.12.30"]
[Round "14.77"]
[White "Geller, Jakov"]
[Black "Apryshko, Gleb"]
[Result "1-0"]
[WhiteTitle "GM"]
[BlackTitle "FM"]
[WhiteElo "2518"]
[BlackElo "2385"]
[WhiteFideId "4151984"]
[BlackFideId "24131792"]
[EventDate "2018.12.29"]
[EventType "blitz"]

1. e4 d5 2. exd5 Qxd5 3. Nc3 Qa5 4. Bc4 Nf6 5. d3 Bg4 6. Ne2 Nc6 7. f3 Bh5 8.
Bd2 Qc5 9. g4 Ne5 10. Bb5+ c6 11. Rf1 Nxf3+ 12. Rxf3 Bxg4 13. Be3 Qe5 14. d4
Qxh2 15. Rxf6 exf6 16. Bd3 Bb4 17. Kd2 O-O-O 18. Qf1 Qc7 19. a3 Bd6 20. d5 Kb8
21. dxc6 Qxc6 22. Re1 Rhe8 23. Nd4 Qc8 24. Ndb5 Bg3 25. Bf4+ Bxf4+ 26. Qxf4+ Re5
27. Rxe5 fxe5 28. Qxe5+ Ka8 29. Nc7+ Kb8 30. Ne6+ Ka8 31. Nxd8 Qxd8 32. Qxg7 h5
33. Qxf7 Qg5+ 34. Ke1 Qe3+ 35. Ne2 a6 36. Qf8+ 1-0

[Event "World Blitz 2018"]
[Site "St Petersburg RUS"]
[Date "2018.12.30"]
[Round "14.84"]
[White "Gurvich, Vitaly"]
[Black "Abdusattorov, Nodirbek"]
[Result "0-1"]
[WhiteTitle "FM"]
[BlackTitle "GM"]
[WhiteElo "2270"]
[BlackElo "2546"]
[WhiteFideId "24164852"]
[BlackFideId "14204118"]
[EventDate "2018.12.29"]
[EventType "blitz"]

1. c4 Nf6 2. Nc3 e5 3. g3 Bb4 4. Bg2 O-O 5. d3 Re8 6. e4 c6 7. Ne2 d5 8. a3
Bxc3+ 9. Nxc3 dxc4 10. dxc4 Be6 11. Qxd8 Rxd8 12. c5 Nbd7 13. b4 a5 14. Bb2 b6
15. Na4 b5 16. Nb6 Nxb6 17. cxb6 Nd7 18. bxa5 Rxa5 19. O-O-O Rb8 20. f4 Nxb6 21.
Bxe5 Rba8 22. Bc7 Rxa3 23. Bxb6 Ra1+ 24. Kb2 R1a2+ 25. Kc3 Rxg2 26. f5 Bc4 27.
Ra1 Re8 28. Rhe1 Rxh2 29. Ra7 h5 30. Rc7 Rg2 31. Re3 Ra8 32. Rxc6 Ra3+ 33. Kb4
Rxe3 34. Bxe3 Rxg3 35. Rc8+ Kh7 36. Bf4 Rg4 37. Bd6 Rxe4 38. Kc5 h4 39. Ra8 h3
40. Ra3 Rh4 41. Bh2 Rh5 42. Kd6 b4 43. Ra4 Rxf5 44. Rxb4 Bf1 45. Rh4+ Kg8 46.
Ke7 Bg2 47. Ke8 f6 48. Ke7 Rf2 49. Bg3 Re2+ 50. Kd8 Kf7 51. Rh8 g5 52. Kc7 f5
53. Kd6 f4 54. Bh2 Kg6 55. Rf8 Kh5 56. Kc5 Bf1 57. Bg1 Kg4 58. Rh8 f3 59. Kd4 f2
60. Bh2 Bg2 0-1

[Event "World Blitz 2018"]
[Site "St Petersburg RUS"]
[Date "2018.12.30"]
[Round "15.8"]
[White "Jones, Gawain C B"]
[Black "Jakovenko, Dmitry"]
[Result "1-0"]
[WhiteTitle "GM"]
[BlackTitle "GM"]
[WhiteElo "2682"]
[BlackElo "2735"]
[WhiteFideId "409561"]
[BlackFideId "4122356"]
[EventDate "2018.12.29"]
[EventType "blitz"]

1. e4 e5 2. d4 exd4 3. Nf3 Nc6 4. Bc4 Bc5 5. c3 Nf6 6. e5 d5 7. Bb5 Ne4 8. cxd4
Bb6 9. Nc3 O-O 10. Be3 Bg4 11. h3 Bh5 12. Qc2 Nxc3 13. bxc3 f6 14. exf6 Qxf6 15.
Be2 Rae8 16. O-O Kh8 17. a4 Bg6 18. Bd3 Bxd3 19. Qxd3 Qf5 20. Qxf5 Rxf5 21. Rfe1
Rff8 22. Bf4 Kg8 23. Rxe8 Rxe8 24. Kf1 h6 25. Rb1 Nd8 26. Ne5 Ba5 27. Bd2 Re6
28. Rb5 b6 29. Rxd5 Nf7 30. Nxf7 Kxf7 31. Rd7+ Re7 32. Rxe7+ Kxe7 33. Ke2 c5 34.
c4 Bb4 35. Bxb4 cxb4 36. f4 h5 37. g4 hxg4 38. hxg4 g6 39. Kd3 a5 40. c5 bxc5
41. dxc5 Ke6 42. Ke4 1-0

[Event "World Blitz 2018"]
[Site "St Petersburg RUS"]
[Date "2018.12.30"]
[Round "15.9"]
[White "Jobava, Baadur"]
[Black "Golubov, Saveliy"]
[Result "0-1"]
[WhiteTitle "GM"]
[BlackTitle "IM"]
[WhiteElo "2627"]
[BlackElo "2482"]
[WhiteFideId "13601520"]
[BlackFideId "24176729"]
[EventDate "2018.12.29"]
[EventType "blitz"]

1. d4 Nf6 2. c4 g6 3. Nc3 Bg7 4. e4 d6 5. Be2 O-O 6. h4 e5 7. d5 Na6 8. h5 Nc5
9. Bg5 h6 10. Bxf6 Qxf6 11. b4 Na6 12. a3 c6 13. Rc1 Nc7 14. g3 cxd5 15. cxd5
Bd7 16. Bg4 Qe7 17. Bxd7 Qxd7 18. Nf3 a5 19. Nh4 Kh7 20. O-O axb4 21. axb4 Bf6
22. Ng2 Rac8 23. Qf3 Bg5 24. Ne3 Kg7 25. Kg2 Nb5 26. Nxb5 Qxb5 27. Ng4 Qd7 28.
Rxc8 Qxc8 29. hxg6 fxg6 30. Qe2 h5 31. Nh2 Qc3 32. Nf3 Bf6 33. Qb5 Rf7 34. Re1
g5 35. Re3 Qc2 36. Qe2 Qxe2 37. Rxe2 g4 38. Ne1 Rc7 39. Rc2 Rf7 40. Nd3 Bg5 41.
Kf1 h4 42. gxh4 Bxh4 43. Ke2 Kf6 44. b5 Rd7 45. Rc8 Kf7 46. Nb2 Kg7 47. Nc4 Rf7
48. Nxd6 Rxf2+ 49. Kd3 Rf3+ 50. Ke2 Rf2+ 51. Kd3 g3 52. Nf5+ Rxf5 53. exf5 g2
54. Rc1 Bf2 55. Ke4 Kf6 56. d6 g1=Q 57. Rxg1 Bxg1 58. Kd5 Kxf5 59. d7 Bb6 60.
Kd6 Bd8 0-1

[Event "World Blitz 2018"]
[Site "St Petersburg RUS"]
[Date "2018.12.30"]
[Round "15.14"]
[White "Zubov, Alexander"]
[Black "Predke, Alexandr"]
[Result "1/2-1/2"]
[WhiteTitle "GM"]
[BlackTitle "GM"]
[WhiteElo "2597"]
[BlackElo "2622"]
[WhiteFideId "14109409"]
[BlackFideId "24107581"]
[EventDate "2018.12.29"]
[EventType "blitz"]

1. d4 d5 2. c4 dxc4 3. Nf3 Nf6 4. e3 c5 5. Bxc4 cxd4 6. exd4 g6 7. h3 Bg7 8. Nc3
O-O 9. d5 b5 10. Nxb5 Bb7 11. Nc3 Nbd7 12. d6 Nb6 13. Bb3 Qxd6 14. Qxd6 exd6 15.
Be3 Ne4 16. Bd4 Nxc3 17. bxc3 Bxd4 18. cxd4 Rac8 19. O-O Rc3 20. Nh2 Bd5 21. Ng4
Kg7 22. Ne3 Bxb3 23. axb3 Rxb3 24. Rxa7 Rd3 25. Rb1 Nc8 26. Ra4 Ne7 27. Rb6 Rd8
28. g4 Rd7 29. Kf1 d5 30. Ke2 Rc3 31. Rb5 Rc6 32. Kf3 h6 33. Rab4 Rf6+ 34. Kg3
Ra6 35. Rb3 Ra4 36. R5b4 Rxb4 37. Rxb4 Nc6 38. Ra4 Ra7 39. Rxa7 Nxa7 40. Kf4 Nc6
41. Nc2 Kf6 42. h4 g5+ 43. hxg5+ hxg5+ 44. Ke3 Ke6 45. Ne1 f6 46. Nd3 Kd6 47.
Nc1 Ke6 48. Nb3 Kd6 49. f4 gxf4+ 50. Kxf4 Ke6 51. Nc5+ Kd6 52. Nb3 Ke6 53. Nc5+
Kd6 54. Nb3 1/2-1/2

[Event "World Blitz 2018"]
[Site "St Petersburg RUS"]
[Date "2018.12.30"]
[Round "15.17"]
[White "Indjic, Aleksandar"]
[Black "Guseinov, Gadir"]
[Result "1-0"]
[WhiteTitle "GM"]
[BlackTitle "GM"]
[WhiteElo "2620"]
[BlackElo "2664"]
[WhiteFideId "911925"]
[BlackFideId "13401378"]
[EventDate "2018.12.29"]
[EventType "blitz"]

1. d4 g6 2. Nf3 Bg7 3. e4 d6 4. Bc4 Nf6 5. Qe2 O-O 6. O-O c6 7. Bb3 Bg4 8. Nbd2
e5 9. dxe5 dxe5 10. h3 Bxf3 11. Nxf3 Nbd7 12. c3 Qe7 13. Bc2 a5 14. a4 Nh5 15.
g3 Nc5 16. Kg2 Rfe8 17. b3 Ne6 18. Be3 Rf8 19. Kh2 Qe8 20. Bd3 Kh8 21. Bc4 Qe7
22. Bc1 Nc5 23. Ba3 b6 24. Qe3 f5 25. Rae1 Rae8 26. exf5 gxf5 27. Qg5 Qxg5 28.
Nxg5 Re7 29. b4 axb4 30. Bxb4 h6 31. Bxc5 bxc5 32. Ne6 Ra8 33. Nxc5 Ra5 34. Ne6
Rxa4 35. Nxg7 Kxg7 36. Bd3 e4 37. Re3 Nf6 38. c4 Rd7 39. Be2 Rd2 40. Re1 Raa2
41. Kg2 Kg6 42. Kf1 Nd7 43. Rd1 Rxd1+ 44. Bxd1 Ra1 45. Re1 Kf6 46. f4 Nc5 47.
Be2 Ra3 48. Kg2 Ra2 49. Kf1 Nb3 50. Rd1 c5 51. Rd6+ Ke7 52. Rxh6 Nd4 53. Bh5 e3
54. Rh7+ Ke6 55. Rh8 Kd7 56. Re8 Ra1+ 57. Kg2 e2 58. Rxe2 Nxe2 59. Bxe2 Ra2 60.
Kf2 Ke6 61. Ke3 Ra3+ 62. Bd3 Ra1 63. g4 fxg4 64. hxg4 Rg1 65. g5 Ke7 66. Be2 Ke6
67. Bd3 Rg3+ 68. Ke4 Ke7 69. Be2 Rg2 70. Bd3 Rg3 71. Bf1 Rg1 72. Bh3 Rd1 73. Ke5
Rd3 74. Bf5 Rd4 75. Be6 Rd3 76. f5 Re3+ 77. Kf4 Re1 78. Bd5 Kd6 79. f6 Rf1+ 80.
Ke4 Rf2 81. g6 1-0

[Event "World Blitz 2018"]
[Site "St Petersburg RUS"]
[Date "2018.12.30"]
[Round "15.36"]
[White "Van Foreest, Jorden"]
[Black "Jumabayev, Rinat"]
[Result "1-0"]
[WhiteTitle "GM"]
[BlackTitle "GM"]
[WhiteElo "2614"]
[BlackElo "2602"]
[WhiteFideId "1039784"]
[BlackFideId "13702661"]
[EventDate "2018.12.29"]
[EventType "blitz"]

1. c4 e5 2. Nc3 Nf6 3. Nf3 Nc6 4. e3 Bb4 5. Qc2 Bxc3 6. bxc3 O-O 7. d3 d6 8. g3
Bg4 9. Bg2 Qc8 10. h3 Bd7 11. e4 a6 12. a4 h6 13. Nh4 Nh7 14. Rb1 Rb8 15. Be3
Ne7 16. a5 Kh8 17. Qe2 Be6 18. f4 exf4 19. gxf4 f5 20. O-O Kg8 21. Kh2 Qd7 22.
Rg1 Rf7 23. Bd4 c5 24. Be3 Nf8 25. Rb2 Kh7 26. d4 cxd4 27. cxd4 fxe4 28. Bxe4+
Bf5 29. Nxf5 Nxf5 30. Qg4 Kh8 31. Bf2 d5 32. Bxd5 Re7 33. Rb6 Rbe8 34. Rg2 Nd6
35. c5 Qxg4 36. hxg4 Ne4 37. Rxb7 Nxf2 38. Rxf2 Ng6 39. Rxe7 Rxe7 40. f5 Nf8 41.
c6 Nh7 42. Bf3 Nf6 43. Rc2 Ne8 44. Kg3 Kg8 45. Kf4 Kf7 46. Bd5+ Kf6 47. Be6 Rc7
48. Ke4 Ke7 49. Kd5 Nf6+ 50. Kc5 Ne4+ 51. Kb6 Kd6 52. Rc5 Nc3 53. Rxc3 1-0